[Event "Int. Stuttgarter Stadtmeisterschaft B"]
[Site "Ditzingen"]
[Date "2016.05.08"]
[Round "7.18"]
[White "Schmedemann, Jörg"]
[Black "Weißenberger, Mario"]
[Result "0-1"]
[WhiteElo "1633"]
[BlackElo "1725"]
[PlyCount "24"]
[EventDate "2016.??.??"]
[WhiteTeam "SSV Zuffenhausen"]
[BlackTeam "Ssg Fils-Lauter"]

1. e4 e6 2. d4 d5 3. exd5 exd5 4. Nf3 Nc6 5. c3 Bd6 6. Bd3 Nge7 7. O-O Bg4 8.
Nbd2 Qd7 9. a4 O-O-O 10. b4 Ng6 11. Qb3 Nf4 12. Ne1 Nxd3 0-1

[Event "Int. Stuttgarter Stadtmeisterschaft B"]
[Site "Ditzingen"]
[Date "2016.05.08"]
[Round "7.19"]
[White "Old, Stefan"]
[Black "Zaytsev, Evgeny"]
[Result "1/2-1/2"]
[WhiteElo "1605"]
[BlackElo "1723"]
[PlyCount "84"]
[EventDate "2016.??.??"]
[WhiteTeam "SF Illingen"]
[BlackTeam "Stuttgarter SF"]

1. d4 Nf6 2. c4 e6 3. Nc3 c5 4. d5 exd5 5. cxd5 d6 6. e4 g6 7. Nf3 Bg7 8. Bd3
O-O 9. O-O a6 10. Bf4 b5 11. Rc1 Bg4 12. h3 Bxf3 13. Qxf3 Nh5 14. Bh2 Qe7 15.
Rfe1 Nd7 16. Qe3 Ne5 17. f4 Nc4 18. Qe2 Bd4+ 19. Kh1 Nxb2 20. g4 Ng7 21. e5
Nxd3 22. Qxd3 Bxc3 23. Qxc3 Qb7 24. Rcd1 Rfe8 25. Kg1 b4 26. Qc2 Rad8 27. Qd3
Qb6 28. Kg2 Qb5 29. Qc2 c4 30. f5 dxe5 31. f6 Rxd5 32. fxg7 Rxd1 33. Qxd1 Qc6+
34. Kf1 Qh1+ 35. Bg1 Qxh3+ 36. Kf2 e4 37. Re3 Qh4+ 38. Kg2 Re6 39. Qe2 Kxg7 40.
Rxe4 Rc6 41. Bd4+ Kh6 42. Be3+ Kg7 1/2-1/2

[Event "Int. Stuttgarter Stadtmeisterschaft B"]
[Site "Ditzingen"]
[Date "2016.05.08"]
[Round "7.21"]
[White "Stuckel, Marc"]
[Black "Hrsak, Marco"]
[Result "1/2-1/2"]
[WhiteElo "1671"]
[BlackElo "1571"]
[PlyCount "56"]
[EventDate "2016.??.??"]
[WhiteTeam "SGem Vaihingen-Rohr"]
[BlackTeam "SC Kirchheim/Teck"]

1. Nf3 Nf6 2. c4 c5 3. g3 g6 4. Bg2 Bg7 5. O-O O-O 6. Nc3 Nc6 7. d4 cxd4 8.
Nxd4 Qb6 9. Nxc6 bxc6 10. Na4 Qb4 11. b3 Rb8 12. Bb2 Rd8 13. Qc2 d5 14. Be5 Rb7
15. Rad1 Rbd7 16. Bc3 Qa3 17. Ba5 Re8 18. Bh3 e6 19. Bg2 Bb7 20. b4 dxc4 21.
Nc5 Rxd1 22. Rxd1 Ba8 23. Qxc4 Nd5 24. Qb3 Qxb3 25. Nxb3 Bc3 26. a3 Bb2 27. e4
Nc3 28. Rd7 Bxa3 1/2-1/2

[Event "Int. Stuttgarter Stadtmeisterschaft B"]
[Site "Ditzingen"]
[Date "2016.05.08"]
[Round "7.22"]
[White "Rudhart, Michael"]
[Black "Kobald, Matthias"]
[Result "0-1"]
[WhiteElo "1890"]
[BlackElo "1699"]
[PlyCount "48"]
[EventDate "2016.??.??"]
[WhiteTeam "DJK Stuttgart-Süd"]
[BlackTeam "SV Stuttgart-Wolfbusch"]

1. d4 c5 2. d5 e5 3. c4 d6 4. Nc3 Be7 5. e4 Bg5 6. Bd3 Bxc1 7. Qxc1 Ne7 8. Nge2
O-O 9. f4 exf4 10. Nxf4 Nd7 11. b3 Ne5 12. Bb1 f5 13. exf5 Nxf5 14. O-O Nd4 15.
Nfe2 Nxe2+ 16. Nxe2 Bg4 17. Ng3 Qd7 18. Rxf8+ Rxf8 19. Be4 Qc8 20. h3 Bxh3 21.
gxh3 Qxh3 22. Nf1 Qg4+ 23. Bg2 Nf3+ 24. Kf2 Nh4+ 0-1

[Event "Int. Stuttgarter Stadtmeisterschaft B"]
[Site "Ditzingen"]
[Date "2016.05.08"]
[Round "7.23"]
[White "Ackermann, Hermann"]
[Black "Kelemen, Norbert"]
[Result "1-0"]
[WhiteElo "1885"]
[BlackElo "1700"]
[PlyCount "83"]
[EventDate "2016.??.??"]
[WhiteTeam "SC Pforzheim"]
[BlackTeam "SC Weiße Dame Ulm"]

1. Nf3 c5 2. b3 e6 3. Bb2 Nf6 4. g3 b6 5. Bg2 Bb7 6. O-O Be7 7. d3 d5 8. d4
cxd4 9. Nxd4 O-O 10. Nd2 Nbd7 11. c4 Nc5 12. cxd5 Bxd5 13. Nc6 Qc7 14. Nxe7+
Qxe7 15. Bxd5 Nxd5 16. Nc4 Rfd8 17. Qd4 Nf6 18. Qf4 Rac8 19. Rad1 Rxd1 20. Rxd1
Ne8 21. Ne5 f6 22. Nc4 Rd8 23. Rxd8 Qxd8 24. Qd4 Qxd4 25. Bxd4 Nb7 26. a4 e5
27. Be3 Ned6 28. Nxd6 Nxd6 29. a5 Nc8 30. axb6 axb6 31. Kf1 Kf7 32. Ke1 Ke6 33.
Kd2 Kd7 34. Kc3 Kc6 35. Bc1 Nd6 36. f3 f5 37. Kd3 e4+ 38. Kd4 exf3 39. exf3 Nf7
40. h4 h5 41. Ba3 Nd6 42. Ke5 1-0

[Event "Int. Stuttgarter Stadtmeisterschaft B"]
[Site "Ditzingen"]
[Date "2016.05.08"]
[Round "7.24"]
[White "Duran, Suat"]
[Black "Wezel, Sebastian"]
[Result "0-1"]
[WhiteElo "1687"]
[BlackElo "1870"]
[PlyCount "94"]
[EventDate "2016.??.??"]
[WhiteTeam "SV Dicker Turm Esslingen"]
[BlackTeam "SV Dettingen Erms"]

1. d4 Nf6 2. Nf3 g6 3. Bf4 Bg7 4. h3 d6 5. c4 O-O 6. Nc3 c5 7. e3 cxd4 8. exd4
d5 9. Be2 Nc6 10. O-O Bf5 11. Rc1 Rc8 12. Nxd5 Nxd5 13. cxd5 Qxd5 14. Bc4 Qd8
15. Be3 Be4 16. Nd2 Bd5 17. Bxd5 Qxd5 18. Qb3 Qxb3 19. Nxb3 Rfd8 20. Rc4 Rd5
21. f4 Rcd8 22. Rd1 Bf6 23. Kf2 R8d6 24. a4 a6 25. Rd2 b6 26. Kf3 h6 27. g3 Kg7
28. g4 e6 29. Ke2 Na5 30. Nxa5 Rxa5 31. b3 Rad5 32. Rd3 b5 33. axb5 Rxb5 34.
Rc5 Rdb6 35. Rxb5 Rxb5 36. Bd2 a5 37. Ke3 Bd8 38. Rc3 Bb6 39. Rd3 Kf8 40. Ke2
Ke7 41. Kd1 h5 42. Kc2 Kd6 43. Bc3 Kd5 44. Re3 Bc7 45. gxh5 Bxf4 46. Rf3 Ke4
47. Rf1 Rxh5 0-1

[Event "Int. Stuttgarter Stadtmeisterschaft B"]
[Site "Ditzingen"]
[Date "2016.05.08"]
[Round "7.25"]
[White "Kobald, Jacqueline"]
[Black "Rühl, Volker"]
[Result "1/2-1/2"]
[WhiteElo "1559"]
[BlackElo "1830"]
[PlyCount "113"]
[EventDate "2016.??.??"]
[WhiteTeam "SV Stuttgart-Wolfbusch"]
[BlackTeam "VfL Sindelfingen"]

1. e4 e5 2. Nf3 Nc6 3. Bb5 Nd4 4. Nxd4 exd4 5. d3 Bc5 6. O-O c6 7. Ba4 d6 8. f4
Nf6 9. f5 Nd7 10. Qg4 Kf8 11. Bf4 h5 12. Qg3 Qe7 13. Nd2 Ne5 14. h3 Bd7 15. Nf3
f6 16. Bxe5 dxe5 17. Nh4 Be8 18. Bb3 Rh6 19. Ng6+ Bxg6 20. fxg6 Ke8 21. Rf5 Kd7
22. h4 Kc7 23. Rd1 Qe8 24. Bf7 Qe7 25. Qf3 Rah8 26. a3 a5 27. Ra1 b5 28. b4 Bb6
29. bxa5 Bxa5 30. a4 Bc3 31. Ra2 b4 32. Qd1 Kb7 33. Qb1 Bd2 34. Qb3 Be1 35. a5
Bxh4 36. a6+ Ka7 37. Qc4 Rc8 38. Rb2 Be1 39. Ra2 h4 40. Be6 Rc7 41. Rf1 Bd2 42.
Bf5 Be3+ 43. Kh1 Bd2 44. Rf2 Bc3 45. Kg1 Rh8 46. Rf1 Rb8 47. Kf2 Rb5 48. Qg8
Qc5 49. Rh1 b3 50. cxb3 Rb8 51. Qc4 Qxc4 52. bxc4 Rb6 53. Rxh4 Rxa6 54. Re2 Kb6
55. Rh1 Ra3 56. Rb1+ Kc5 57. Rc2 1/2-1/2

[Event "Int. Stuttgarter Stadtmeisterschaft B"]
[Site "Ditzingen"]
[Date "2016.05.08"]
[Round "7.26"]
[White "Jünk, Stefan"]
[Black "Auterhoff, Jürgen"]
[Result "1-0"]
[WhiteElo "1673"]
[BlackElo "1772"]
[PlyCount "61"]
[EventDate "2016.??.??"]
[WhiteTeam "SC Leinzell"]
[BlackTeam "SC Pasing"]

1. e4 c6 2. d4 d5 3. Nc3 dxe4 4. Nxe4 Bf5 5. Ng3 Bg6 6. h4 h6 7. h5 Bh7 8. Bd3
Bxd3 9. Qxd3 Nf6 10. Nf3 e6 11. Bd2 Bd6 12. Ne4 Nxe4 13. Qxe4 Nd7 14. Qg4 Qf6
15. O-O-O O-O-O 16. Rhe1 Kb8 17. g3 e5 18. Nxe5 Bxe5 19. dxe5 Qxf2 20. Bf4 Kc8
21. Re3 Rhe8 22. Red3 Re7 23. Qxg7 Qc5 24. Qxh6 Re6 25. Qg5 Qf8 26. Qf5 Qe8 27.
g4 f6 28. exf6 Re1 29. f7 Rxd1+ 30. Kxd1 Qe7 31. Bg5 1-0

[Event "Int. Stuttgarter Stadtmeisterschaft B"]
[Site "Ditzingen"]
[Date "2016.05.08"]
[Round "7.28"]
[White "Wohlt, Harald"]
[Black "Herbst, Rudolf"]
[Result "1-0"]
[WhiteElo "1735"]
[BlackElo "1648"]
[PlyCount "37"]
[EventDate "2016.??.??"]
[WhiteTeam "Stuttgarter SF"]
[BlackTeam "SG Fasanenhof"]

1. Nf3 c6 2. g3 d5 3. Bg2 Nf6 4. O-O g6 5. b3 Bg7 6. Bb2 O-O 7. d3 Nbd7 8. Nbd2
Qc7 9. c4 e5 10. cxd5 cxd5 11. Rc1 Qa5 12. Qc2 Re8 13. e3 Re6 14. Qb1 Ne8 15.
Rc2 b6 16. Ng5 Rd6 17. Nc4 dxc4 18. Bxa8 Rxd3 19. Rxc4 1-0

[Event "Int. Stuttgarter Stadtmeisterschaft B"]
[Site "Ditzingen"]
[Date "2016.05.08"]
[Round "7.29"]
[White "Vaclahovsky, Gerhard"]
[Black "Zou, Kuangda Konrad"]
[Result "1/2-1/2"]
[WhiteElo "1702"]
[BlackElo "1432"]
[PlyCount "33"]
[EventDate "2016.??.??"]
[WhiteTeam "SK Keres-Augsburg"]
[BlackTeam "SGem Vaihingen-Rohr"]

1. d4 d5 2. c4 dxc4 3. Nc3 Nf6 4. e3 e6 5. Bxc4 a6 6. a3 c5 7. Nf3 Nc6 8. O-O
cxd4 9. exd4 Be7 10. Bf4 O-O 11. b4 b5 12. Bb3 Bb7 13. d5 exd5 14. Bxd5 Nxd5
15. Nxd5 Bf6 16. Nxf6+ Qxf6 17. Qd7 1/2-1/2

[Event "Int. Stuttgarter Stadtmeisterschaft B"]
[Site "Ditzingen"]
[Date "2016.05.08"]
[Round "7.30"]
[White "Yi, Wendy"]
[Black "Knolmayer, Volker"]
[Result "1/2-1/2"]
[WhiteElo "1559"]
[BlackElo "1701"]
[PlyCount "125"]
[EventDate "2016.??.??"]
[WhiteTeam "SF Kornwestheim"]
[BlackTeam "SG Bettringen"]

1. e4 e5 2. Nf3 Nc6 3. Bc4 d6 4. d3 Be7 5. Be3 h6 6. Nbd2 Nf6 7. O-O Be6 8. h3
Qd7 9. Bxe6 fxe6 10. Nh4 g5 11. Nhf3 O-O-O 12. d4 exd4 13. Nxd4 e5 14. Nf5 Kb8
15. Qe2 d5 16. exd5 Nxd5 17. Nxe7 Qxe7 18. Ne4 Rhe8 19. Bc5 Qe6 20. Qc4 Nb6 21.
Qxe6 Rxe6 22. Rad1 Rxd1 23. Rxd1 Kc8 24. Kf1 Nd7 25. Be3 Nb4 26. c3 Nc6 27. Ke2
a6 28. Kf3 Ne7 29. Kg4 Ng6 30. Rxd7 Kxd7 31. Nc5+ Ke7 32. Nxe6 Kxe6 33. Kh5
Nf4+ 34. Kxh6 Kf5 35. g4+ Ke4 36. Kxg5 Nxh3+ 37. Kf6 Kf3 38. g5 e4 39. g6 Nxf2
40. Bxf2 Kxf2 41. g7 e3 42. g8=Q e2 43. Qe6 e1=Q 44. Qxe1+ Kxe1 45. Ke6 Kd2 46.
Kd7 c5 47. Kd6 c4 48. Kc5 b5 49. Kb4 Kc2 50. b3 Kd3 51. bxc4 bxc4 52. a4 a5+
53. Kxa5 Kxc3 54. Kb5 Kb3 55. a5 c3 56. a6 c2 57. a7 c1=Q 58. a8=Q Qc4+ 59. Kb6
Qb4+ 60. Kc7 Qe7+ 61. Kb6 Qd6+ 62. Ka7 Qc5+ 63. Kb8 1/2-1/2

[Event "Int. Stuttgarter Stadtmeisterschaft B"]
[Site "Ditzingen"]
[Date "2016.05.08"]
[Round "7.31"]
[White "Schneider, Waldemar"]
[Black "Steinmassl, Guido"]
[Result "1/2-1/2"]
[WhiteElo "1818"]
[BlackElo "1622"]
[PlyCount "64"]
[EventDate "2016.??.??"]
[WhiteTeam "SC Pforzheim"]
[BlackTeam "SK Gerlingen"]

1. d4 e6 2. Nf3 Nf6 3. e3 b6 4. c4 Bb7 5. Nc3 Bb4 6. Bd2 O-O 7. Bd3 c5 8. O-O
Bxc3 9. Bxc3 d6 10. b3 Nbd7 11. Qc2 Re8 12. Ng5 Nf8 13. Rad1 h6 14. Ne4 Bxe4
15. Bxe4 Nxe4 16. Qxe4 Qe7 17. Qg4 Nh7 18. f4 Nf6 19. Qf3 Rad8 20. h3 d5 21.
dxc5 Ne4 22. Bd4 b5 23. Bb2 f5 24. cxd5 exd5 25. Be5 Rd7 26. Kh2 Qf7 27. Rg1
Kh7 28. g4 Rg8 29. h4 g6 30. Rg2 Qe6 31. Rdg1 Rdd8 32. g5 h5 1/2-1/2

[Event "Int. Stuttgarter Stadtmeisterschaft B"]
[Site "Ditzingen"]
[Date "2016.05.08"]
[Round "7.33"]
[White "Bauer, Frank"]
[Black "Schmitz, Harald"]
[Result "1/2-1/2"]
[WhiteElo "1490"]
[BlackElo "1691"]
[PlyCount "61"]
[EventDate "2016.??.??"]
[WhiteTeam "SC Feuerbach"]
[BlackTeam "SC Aidlingen"]

1. Nf3 Nf6 2. c4 g6 3. b3 Bg7 4. Bb2 O-O 5. g3 c5 6. Bg2 Nc6 7. O-O d6 8. d3
Qc7 9. Nc3 a6 10. Qd2 Rb8 11. Nd5 Nxd5 12. Bxg7 Kxg7 13. cxd5 Nd8 14. Rfc1 b6
15. e4 e6 16. dxe6 Nxe6 17. d4 Qe7 18. d5 Nc7 19. Qc3+ f6 20. Nd2 Nb5 21. Qb2
Nd4 22. Re1 Bd7 23. Nf3 Nxf3+ 24. Bxf3 Qe5 25. Qd2 a5 26. Bg2 Qe7 27. f4 Rbe8
28. Qc3 Kg8 29. e5 fxe5 30. fxe5 dxe5 31. Rad1 1/2-1/2

[Event "Int. Stuttgarter Stadtmeisterschaft B"]
[Site "Ditzingen"]
[Date "2016.05.08"]
[Round "7.34"]
[White "Kappus, Holger"]
[Black "Langer, Helmut"]
[Result "0-1"]
[WhiteElo "1652"]
[BlackElo "1577"]
[PlyCount "148"]
[EventDate "2016.??.??"]
[WhiteTeam "SC Pforzheim"]
[BlackTeam "SC Magstadt"]

1. b3 Nf6 2. Bb2 c5 3. Nf3 Nc6 4. e3 Qc7 5. c4 d6 6. Be2 Bf5 7. Nc3 a6 8. d3 e5
9. Qd2 Be7 10. O-O h5 11. Nd5 Qd8 12. Rad1 Nxd5 13. cxd5 Nb8 14. e4 Bg4 15. Bc1
f5 16. exf5 Bxf5 17. Ne1 Nd7 18. Bf3 g5 19. Be4 Rf8 20. Nf3 g4 21. Ng5 Bxg5 22.
Qxg5 Qxg5 23. Bxg5 Rf7 24. f4 exf4 25. Bxf4 Bxe4 26. dxe4 Ne5 27. Bxe5 dxe5 28.
Rxf7 Kxf7 29. Rf1+ Kg6 30. Rf5 Re8 31. Kf2 b5 32. Ke2 a5 33. Kd3 h4 34. a4 c4+
35. bxc4 bxa4 36. d6 a3 37. Rf2 Rb8 38. Ra2 Rb3+ 39. Kc2 Rb6 40. Rxa3 Rxd6 41.
Rxa5 Kf6 42. Rd5 Ra6 43. Kb2 g3 44. hxg3 hxg3 45. Rd3 Kg5 46. Rf3 Rh6 47. Re3
Kf4 48. Re2 Rd6 49. Kc3 Rd1 50. c5 Rd7 51. Kc4 Rd4+ 52. Kc3 Ra4 53. Kb3 Rd4 54.
c6 Rd8 55. Kc4 Rd1 56. Kc5 Rc1+ 57. Kd6 Rd1+ 58. Kc7 Rc1 59. Kb7 Rb1+ 60. Kc8
Rc1 61. c7 Rc4 62. Kb7 Rb4+ 63. Ka6 Rc4 64. Kb6 Rc1 65. Rb2 Kxe4 66. Rb3 Kf4
67. Kb7 e4 68. c8=Q Rxc8 69. Kxc8 e3 70. Rb4+ Ke5 71. Rb7 Kd4 72. Rd7+ Kc3 73.
Re7 Kd2 74. Rd7+ Ke2 {Rest unleserlich} 0-1

[Event "Int. Stuttgarter Stadtmeisterschaft B"]
[Site "Ditzingen"]
[Date "2016.05.08"]
[Round "7.35"]
[White "Gläser, Hartmut"]
[Black "Tölg, Wolfgang"]
[Result "0-1"]
[WhiteElo "1741"]
[BlackElo "1598"]
[PlyCount "70"]
[EventDate "2016.??.??"]
[WhiteTeam "PTSV Halle"]
[BlackTeam "SF Oeffingen"]

1. b4 d5 2. b5 c6 3. a4 a6 4. bxa6 Nxa6 5. e3 e5 6. Bb2 Bd6 7. c4 Bf5 8. Nf3 f6
9. Nc3 Nb4 10. d3 dxc4 11. e4 Bg4 12. dxc4 Bxf3 13. gxf3 Bc5 14. Qe2 Ne7 15.
Bh3 Ng6 16. Rd1 Qb6 17. Bd7+ Kf7 18. O-O Nf4 19. Qd2 Nbd3 20. Rb1 Qc7 21. Bf5
g6 22. Nd1 gxf5 23. Ne3 fxe4 24. fxe4 Rad8 25. Qc2 Nh3+ 26. Kh1 Ndxf2+ 27. Rxf2
Bxe3 28. Rf3 Rd2 29. Qc3 Nf2+ 30. Rxf2 Rxf2 31. Qxe3 Rf4 32. Rd1 Rd8 33. Re1
Qd6 34. Qb6 Rd7 35. c5 Qd3 0-1

[Event "Int. Stuttgarter Stadtmeisterschaft B"]
[Site "Ditzingen"]
[Date "2016.05.08"]
[Round "7.36"]
[White "Behm, Wilfried"]
[Black "Khadempour, Parviz"]
[Result "1/2-1/2"]
[WhiteElo "1828"]
[BlackElo "1558"]
[PlyCount "49"]
[EventDate "2016.??.??"]
[WhiteTeam "SV Stuttgart-Wolfbusch"]
[BlackTeam "SV Reutlingen"]

1. d4 c6 2. c4 d6 3. Nc3 Qc7 4. Nf3 Nf6 5. e3 Bg4 6. Be2 Nbd7 7. O-O e5 8. Re1
Be7 9. b3 O-O 10. Bb2 Rfe8 11. Qc2 Rac8 12. Rac1 Bf8 13. dxe5 dxe5 14. Ne4 Nxe4
15. Qxe4 Bxf3 16. Qxf3 Nf6 17. Red1 Red8 18. Rxd8 Rxd8 19. Rd1 Rxd1+ 20. Bxd1
Qd6 21. Qe2 g6 22. e4 Bg7 23. Bc1 Ne8 24. a3 c5 25. Bd2 1/2-1/2

[Event "Int. Stuttgarter Stadtmeisterschaft B"]
[Site "Ditzingen"]
[Date "2016.05.08"]
[Round "7.37"]
[White "Weisensel, Wolfgang"]
[Black "Bueble, Joschua"]
[Result "1/2-1/2"]
[WhiteElo "1685"]
[BlackElo "1343"]
[PlyCount "60"]
[EventDate "2016.??.??"]
[WhiteTeam "Stuttgarter SF"]
[BlackTeam "SV Stockenhausen-Frommern"]

1. d4 d5 2. e3 Nf6 3. c4 e6 4. Nf3 b6 5. cxd5 exd5 6. Be2 Bf5 7. O-O Bd6 8. Nc3
O-O 9. a3 c6 10. b3 Ne4 11. Bb2 Qe7 12. h3 Nxc3 13. Bxc3 Bxa3 14. Qd2 Bd6 15.
Rfc1 Nd7 16. Bb2 Rfc8 17. Bd3 Be4 18. Qe2 Rc7 19. Nd2 Re8 20. Bxe4 dxe4 21. Nc4
f5 22. Nxd6 Qxd6 23. Qd2 Qd5 24. Qd1 Rec8 25. Ba3 Qb5 26. Bd6 Rb7 27. Qc2 Qd5
28. Bg3 a5 29. Qc3 c5 30. Qc4 Qxc4 1/2-1/2

[Event "Int. Stuttgarter Stadtmeisterschaft B"]
[Site "Ditzingen"]
[Date "2016.05.08"]
[Round "7.38"]
[White "Matic, Marijo"]
[Black "Hornung, Richard"]
[Result "0-1"]
[WhiteElo "1567"]
[BlackElo "1662"]
[PlyCount "120"]
[EventDate "2016.??.??"]
[WhiteTeam "SC Ostfildern"]
[BlackTeam "SG Schwabing München"]

1. d4 Nf6 2. e3 d5 3. Bd3 g6 4. c4 c6 5. Nc3 Bg7 6. Nf3 O-O 7. Qc2 a5 8. a3 Qc7
9. c5 Nfd7 10. e4 dxe4 11. Nxe4 Nf6 12. Nc3 Nd5 13. Nxd5 cxd5 14. O-O Nc6 15.
Be3 e5 16. dxe5 Nxe5 17. Nxe5 Qxe5 18. Rab1 d4 19. Bd2 Be6 20. b4 axb4 21. Bxb4
Rfc8 22. Rfe1 Qd5 23. Be4 Qd7 24. Qd3 Rc7 25. Rbc1 Bd5 26. Rc2 Re8 27. Rce2
Rxe4 28. Rxe4 Bxe4 29. Qxe4 f5 30. Qd3 Qd5 31. Qb5 Rd7 32. Qd3 Kf7 33. h3 Bf8
34. Rc1 Rc7 35. Rc4 Bg7 36. Rc1 b6 37. Rc2 bxc5 38. Qc4 Qxc4 39. Rxc4 Bf8 40.
a4 Bd6 41. Bd2 Ke6 42. a5 Ra7 43. Kf1 Kd5 44. Ra4 Ra6 45. Ke2 c4 46. Bg5 Bc7
47. g3 Rxa5 48. Rxa5+ Bxa5 49. f3 d3+ 50. Kd1 Kd4 51. Kc1 Be1 52. g4 fxg4 53.
fxg4 Ke4 54. Kd1 Bc3 55. Bc1 Bd4 56. h4 c3 57. h5 gxh5 58. gxh5 c2+ 59. Ke1 Be3
60. Bxe3 Kxe3 0-1

[Event "Int. Stuttgarter Stadtmeisterschaft B"]
[Site "Ditzingen"]
[Date "2016.05.08"]
[Round "7.39"]
[White "Dallinger, Moritz"]
[Black "Sinner, Viktor"]
[Result "0-1"]
[WhiteElo "1570"]
[BlackElo "1533"]
[PlyCount "106"]
[EventDate "2016.??.??"]
[WhiteTeam "SV Stuttgart-Wolfbusch"]
[BlackTeam "TSV/RSK Esslingen"]

1. e4 c6 2. d4 d5 3. Nc3 dxe4 4. Nxe4 Nd7 5. Bd3 Ngf6 6. c3 Nxe4 7. Bxe4 Nf6 8.
Bf3 Bf5 9. Ne2 e6 10. Ng3 Bg6 11. O-O Be7 12. Re1 O-O 13. Nh5 Nxh5 14. Bxh5
Bxh5 15. Qxh5 Bf6 16. Bf4 Qd5 17. Be5 Qd8 18. Re3 Qe7 19. Rh3 h6 20. Rg3 Kh7
21. Bf4 Rh8 22. Re1 Rad8 23. Be5 Bxe5 24. Qxe5 Rhg8 25. Ree3 Rd5 26. Qe4+ g6
27. Qf3 Rgd8 28. h4 c5 29. dxc5 Rd1+ 30. Kh2 Ra1 31. h5 Rdd1 32. hxg6+ fxg6 33.
Rg4 h5 34. Rb4 Rh1+ 35. Kg3 Qg5+ 36. Rg4 Qxg4+ 37. Qxg4 hxg4 38. Rxe6 Rhe1 39.
Rd6 Rad1 40. Rf6 Kg7 41. Rf4 Re2 42. Rb4 Rd7 43. f3 gxf3 44. Kxf3 Re6 45. Kf4
b6 46. Rb5 Rf7+ 47. Kg4 Re5 48. Rb4 Rxc5 49. Rd4 a5 50. Rd6 Rf6 51. Rd7+ Kh6
52. Rd2 Rf1 53. Re2 Rg5+ 0-1

[Event "Int. Stuttgarter Stadtmeisterschaft B"]
[Site "Ditzingen"]
[Date "2016.05.08"]
[Round "7.40"]
[White "Petitto, Francesco"]
[Black "Butenandt, Svenja"]
[Result "1/2-1/2"]
[WhiteElo "1595"]
[BlackElo "1451"]
[PlyCount "103"]
[EventDate "2016.??.??"]
[WhiteTeam "SK Sontheim/Brenz"]
[BlackTeam "TV Tegernsee"]

1. d4 d5 2. e3 Nf6 3. Bd3 e6 4. f4 c5 5. c3 Nc6 6. Nf3 Bd6 7. O-O O-O 8. Ne5
Qb6 9. Kh1 Nd7 10. Rf3 cxd4 11. exd4 f5 12. Rh3 Nf6 13. Nd2 Qc7 14. Ndf3 Ne4
15. Qe1 Be7 16. Be3 Bf6 17. Bf2 Nxf2+ 18. Qxf2 Nxe5 19. Nxe5 Bxe5 20. fxe5 a6
21. g4 g6 22. gxf5 exf5 23. Qg2 Be6 24. Bc2 Rad8 25. Bb3 Qg7 26. Rc1 Qd7 27.
Rd3 Rc8 28. Bd1 Qb5 29. Rg3 Rf7 30. Bb3 a5 31. Qc2 b6 32. Qd3 Qxd3 33. Rxd3 f4
34. Kg2 Kg7 35. Rd2 Kh6 36. Ba4 g5 37. Bb5 Kg6 38. Bd3+ Kh5 39. Rdc2 Kg4 40. c4
Rfc7 41. c5 bxc5 42. Rxc5 Rxc5 43. Rxc5 Rxc5 44. dxc5 d4 45. c6 Bd5+ 46. Kf2
Bxc6 47. Bxh7 Be8 48. a3 a4 49. e6 Kh3 50. Bg8 d3 51. Ke1 f3 52. Bh7 1/2-1/2

[Event "Int. Stuttgarter Stadtmeisterschaft B"]
[Site "Ditzingen"]
[Date "2016.05.08"]
[Round "7.41"]
[White "Wagner, Dimitrij"]
[Black "Schreiber, Winfried"]
[Result "0-1"]
[WhiteElo "1445"]
[BlackElo "1575"]
[PlyCount "148"]
[EventDate "2016.??.??"]
[WhiteTeam "SV Hülzweiler"]

1. e4 c5 2. Nf3 Nc6 3. d4 cxd4 4. Nxd4 Nf6 5. Nc3 a6 6. Be2 e6 7. Be3 Be7 8.
Qd2 O-O 9. O-O-O b5 10. a3 Bb7 11. f3 b4 12. axb4 Bxb4 13. Nxc6 Bxc6 14. Qd4
Qa5 15. Nb1 e5 16. Qb6 Rfb8 17. Qxa5 Bxa5 18. Bc4 Rb7 19. Bd2 Bc7 20. Bc3 a5
21. Na3 a4 22. Bd5 Ra6 23. Nc4 Rb5 24. Bxe5 Bxe5 25. Nxe5 Bxd5 26. exd5 a3 27.
bxa3 Rxa3 28. c4 Rb4 29. c5 Rc3+ 30. Kd2 Rxc5 31. Nd3 Rxd5 32. Rc1 g6 33. Rc8+
Kg7 34. Rhc1 Rb2+ 35. R1c2 Rxc2+ 36. Kxc2 Ra5 37. Kd2 Ra2+ 38. Rc2 Rxc2+ 39.
Kxc2 Nd5 40. Kd2 d6 41. Ne1 h5 42. Kd3 Kf6 43. Kd4 Ke6 44. g3 f5 45. Nd3 g5 46.
h4 gxh4 47. gxh4 Nf6 48. Nf4+ Kd7 49. Nd5 Nxd5 50. Kxd5 Ke7 51. Kd4 Ke6 52. f4
Kd7 53. Kd5 Ke7 54. Kc4 Ke6 55. Kd4 Ke7 56. Kc4 Kd8 57. Kd4 Kc7 58. Kd5 Kd7 59.
Kc4 Kc6 60. Kd4 d5 61. Ke5 Kc5 62. Kxf5 Kc4 63. Ke5 d4 64. f5 d3 65. f6 d2 66.
f7 d1=Q 67. f8=Q Qd4+ 68. Ke6 Qd5+ 69. Ke7 Qe4+ 70. Kf7 Qf4+ 71. Ke7 Qxh4+ 72.
Kf7 Qf4+ 73. Ke7 Qxf8+ 74. Kxf8 h4 0-1

[Event "Int. Stuttgarter Stadtmeisterschaft B"]
[Site "Ditzingen"]
[Date "2016.05.08"]
[Round "7.42"]
[White "Sprenger, Klaus"]
[Black "Kast, Larissa"]
[Result "0-1"]
[WhiteElo "1419"]
[BlackElo "1567"]
[PlyCount "80"]
[EventDate "2016.??.??"]
[WhiteTeam "TSF Ditzingen"]
[BlackTeam "SK Ettlingen"]

1. d4 d5 2. Nf3 Nf6 3. c4 e6 4. Nc3 b6 5. Bg5 Bb7 6. Qa4+ Qd7 7. Qc2 Be7 8. Ne5
Qd8 9. e3 O-O 10. Be2 c5 11. Bf3 Nbd7 12. O-O cxd4 13. Nxd7 Qxd7 14. exd4 dxc4
15. d5 Nxd5 16. Bxe7 Nxe7 17. Rad1 Qc8 18. Ne4 Qc7 19. Ng5 Ng6 20. Bxb7 Qxb7
21. Qxc4 Rac8 22. Qb3 Rfd8 23. Rde1 Qd5 24. Qe3 Qd2 25. Qg3 Qxb2 26. Qh3 h6 27.
Nxe6 fxe6 28. Qxe6+ Kh7 29. Re2 Rc2 30. Rxc2 Qxc2 31. g3 Rd2 32. h4 Qxa2 33.
Qg4 Qc2 34. h5 Ne5 35. Qf4 Nc6 36. g4 Rd4 37. Qg3 Rd1 38. Qf3 Rxf1+ 39. Kxf1
Ne5 40. Qf4 Qd1+ 0-1

[Event "Int. Stuttgarter Stadtmeisterschaft B"]
[Site "Ditzingen"]
[Date "2016.05.08"]
[Round "7.43"]
[White "Wagner, Herbert"]
[Black "Meinecke, Klaus-Hinrich"]
[Result "1-0"]
[WhiteElo "1404"]
[BlackElo "1783"]
[PlyCount "87"]
[EventDate "2016.??.??"]
[WhiteTeam "SC Kreut"]
[BlackTeam "TSV Münchingen"]

1. d4 Nf6 2. Nf3 g6 3. c4 Bg7 4. Nc3 d5 5. cxd5 Nxd5 6. Nxd5 Qxd5 7. e3 O-O 8.
Be2 Nc6 9. O-O h6 10. b3 Bg4 11. h3 Be6 12. Bc4 Qd7 13. Bxe6 Qxe6 14. Bb2 Rad8
15. Rc1 Rd5 16. Re1 f5 17. Ba3 Rfd8 18. Qe2 Ra5 19. Qb2 Rd7 20. Rc5 Rxc5 21.
Bxc5 g5 22. Qe2 b6 23. Ba3 Qd5 24. Qc4 e6 25. Rc1 Nb8 26. Qxd5 exd5 27. b4 a6
28. Nd2 Kf7 29. Nf1 Bf8 30. Rb1 a5 31. Rb3 Nc6 32. bxa5 Nxa5 33. Rc3 Bxa3 34.
Rxa3 Ke6 35. Ng3 Kf6 36. Ne2 Ke6 37. Nc1 c6 38. Nd3 Nc4 39. Ra6 Rb7 40. Nb4 Na5
41. Ra8 c5 42. dxc5 bxc5 43. Ra6+ Ke5 44. Nd3+ 1-0

[Event "Int. Stuttgarter Stadtmeisterschaft B"]
[Site "Ditzingen"]
[Date "2016.05.08"]
[Round "7.44"]
[White "Richter, Gerrit"]
[Black "Ungerer, Tobias"]
[Result "1/2-1/2"]
[WhiteElo "1561"]
[BlackElo "1333"]
[PlyCount "49"]
[EventDate "2016.??.??"]
[WhiteTeam "TSV/RSK Esslingen"]
[BlackTeam "Schach-Kids Bernhausen"]

1. e4 c5 2. Nf3 d6 3. d4 cxd4 4. Nxd4 Nf6 5. Nc3 g6 6. f3 Bg7 7. Be3 Nc6 8. Qd2
Bd7 9. O-O-O O-O 10. g4 h5 11. g5 Ne8 12. f4 f5 13. e5 dxe5 14. Nxc6 Bxc6 15.
Qxd8 Rxd8 16. Bc4+ Kh7 17. Rxd8 Bxh1 18. fxe5 Bxe5 19. Bxa7 Bxh2 20. Nd5 Bd6
21. Bb6 f4 22. Nc7 Bxc7 23. Bxc7 f3 24. Kd2 f2 25. Bf1 1/2-1/2

[Event "Int. Stuttgarter Stadtmeisterschaft B"]
[Site "Ditzingen"]
[Date "2016.05.08"]
[Round "7.46"]
[White "Funk, Christian"]
[Black "Blum, Michael"]
[Result "1-0"]
[WhiteElo "1411"]
[BlackElo "1537"]
[PlyCount "47"]
[EventDate "2016.??.??"]
[WhiteTeam "Ssg Fils-Lauter"]
[BlackTeam "SC Aidlingen"]

1. d4 Nf6 2. c4 d5 3. Nc3 g6 4. Nf3 Bg7 5. Bf4 O-O 6. e3 Bg4 7. Be2 Bxf3 8.
Bxf3 c6 9. Qb3 b6 10. cxd5 Qc8 11. dxc6 Nxc6 12. O-O Nh5 13. Bg5 Nf6 14. Rac1
Qd7 15. Qb5 Rac8 16. Nd5 Qe6 17. Bxf6 exf6 18. Nf4 Qd6 19. Rxc6 Rxc6 20. Qxc6
Qb4 21. Qc3 Qd6 22. g3 f5 23. Rc1 Qb8 24. Qc7 1-0